|
|
|
|
| LEADER |
00000cam a2200000 7i4500 |
| 001 |
0000001400 |
| 005 |
20240924.0 |
| 008 |
991125 enka eng |
| 020 |
|
|
|a 0852021690
|
| 040 |
|
|
|a INS
|b eng
|e rda
|
| 090 |
0 |
0 |
|a KD979
|b .W6912 1980
|
| 245 |
0 |
0 |
|a Which way to buy, sell and move house
|c edited by Edith Rudinger
|
| 264 |
|
1 |
|a London :
|b Consumers' Association
|c c1980
|
| 300 |
|
|
|a 240 pages :
|b illustrations ;
|c 20 cm.
|
| 336 |
|
|
|a text
|2 rdacontent
|
| 337 |
|
|
|a unmediated
|2 rdamedia
|
| 338 |
|
|
|a volume
|2 rdacarrier
|
| 500 |
|
|
|a Includes index
|
| 650 |
|
0 |
|a Home ownership
|
| 650 |
|
0 |
|a House buying
|
| 650 |
|
0 |
|a Housing
|
| 700 |
1 |
|
|a Rudingers, Edith ,
|e editor
|
| 999 |
|
|
|a 0000000360
|b BOOK
|c Open Shelf
|e Default branch
|
| 999 |
|
|
|a 0000022332
|b BOOK
|c Open Shelf
|e Default branch
|